|
|
|
|
| LEADER |
00000cam a2200000 4500 |
| 001 |
vtls011883907 |
| 003 |
SK-MaSNL |
| 005 |
20260301101726.0 |
| 008 |
210701s2019 xo ho gr 010 0dslo |
| 015 |
|
|
|a SNBA2020/11
|
| 020 |
|
|
|a 9788056903896
|q (viazané)
|
| 035 |
|
|
|a urn:nbn:sk:snk-am00fepp
|
| 035 |
|
|
|a urn:nbn:sk:snk-am3ir4n
|
| 035 |
|
|
|a FBD72CCB-B9E7-48A3-AB2E-545E1E1E88F4
|
| 040 |
|
|
|a SNK
|b slo
|c SNK
|e rda
|
| 041 |
0 |
|
|a slo
|
| 043 |
|
|
|a e-xo---
|a e-au---
|a e-hu---
|a e-gx---
|
| 044 |
|
|
|a xo
|c SK
|
| 072 |
|
7 |
|a 94(430/439)
|x Dejiny krajín strednej Európy
|2 konspekt
|
| 072 |
|
7 |
|a 355/359
|x Vojenstvo. Obrana krajiny. Ozbrojené sily
|2 konspekt
|
| 080 |
|
|
|a 355.4(091)
|2 2011
|
| 080 |
|
|
|a 94(431+436)"1866"
|2 2011
|
| 080 |
|
|
|a (437.611)
|2 2011
|
| 080 |
|
|
|a (436+439)
|2 2011
|
| 080 |
|
|
|a (431)
|2 2011
|
| 080 |
|
|
|a (048.8)
|2 2011
|
| 080 |
|
|
|a 355.483(437.6)"1866"
|2 2011
|
| 100 |
1 |
|
|a Hradský, Juraj,
|d 1953-
|4 aut
|9 85501
|
| 245 |
1 |
0 |
|a Bitka pri Lamači
|b 22. júl 1866
|c Juraj Hradský
|
| 250 |
|
|
|a 1. vydanie
|
| 264 |
|
1 |
|a Bratislava
|b Marenčin PT
|c 2019
|
| 300 |
|
|
|a 187 strán
|b fotografie (prevažne farebné)
|c 21 cm
|
| 336 |
|
|
|a text
|b txt
|2 rdacontent
|
| 337 |
|
|
|a bez média
|b n
|2 rdamedia
|
| 338 |
|
|
|a zväzok
|b nc
|2 rdacarrier
|
| 490 |
1 |
|
|a Bratislava-Preßburg
|
| 504 |
|
|
|a Obsahuje bibliografiu na strane 187
|
| 648 |
|
7 |
|a 22.7.1866
|2 SNKPH
|9 436389
|
| 648 |
|
7 |
|a 19. storočie
|2 SNKPH
|9 277854
|
| 648 |
|
7 |
|a 19th century
|2 SNKPHeng
|9 306372
|
| 650 |
0 |
7 |
|a vojenské dejiny
|2 SNKPH
|9 70411
|
| 650 |
0 |
7 |
|a prusko-rakúska vojna, 1866
|2 SNKPH
|9 22439
|
| 650 |
0 |
7 |
|a bitka pri Lamači (1866 : Lamač, Slovensko)
|2 SNKPH
|9 189528
|
| 650 |
0 |
7 |
|a Military history
|2 SNKPHeng
|9 267258
|
| 650 |
0 |
7 |
|a Austro-Prussian War, 1866
|2 SNKPHeng
|9 436390
|
| 650 |
0 |
7 |
|a battle of Lamač (1866 : Lamač, Slovakia)
|2 SNKPHeng
|9 436391
|
| 651 |
|
7 |
|a Lamač (Bratislava IV, Slovensko)
|2 SNKPHgeo
|9 16341
|
| 651 |
|
7 |
|a Rakúsko-Uhorsko
|2 SNKPHgeo
|9 36860
|
| 651 |
|
7 |
|a Prusko
|2 SNKPHgeo
|9 56245
|
| 651 |
|
7 |
|a Lamač (Bratislava IV, Slovakia)
|2 SNKPHeng
|9 436392
|
| 651 |
|
7 |
|a Austro-Hungarian Monarchy
|2 SNKPHeng
|9 283186
|
| 655 |
|
7 |
|a monografie
|2 SNKPH
|9 70139
|
| 655 |
|
7 |
|a Monographs
|2 SNKPHeng
|9 120675
|
| 700 |
1 |
|
|a Tomčík, Vladimír,
|d 1950-
|4 aui
|9 87397
|
| 700 |
1 |
|
|a Navrátil, Ľubomír,
|d 1960-
|4 pht
|9 164481
|
| 700 |
1 |
|
|a Polák, Stanislav
|4 pht
|9 436393
|
| 700 |
1 |
|
|a Achs, Tomáš
|4 pht
|9 436394
|
| 700 |
1 |
|
|a Meszároš, Štefan
|4 pht
|9 436395
|
| 700 |
1 |
|
|a Šimončičová, Mária
|4 pht
|9 436396
|
| 700 |
1 |
|
|a Hradský, Michal Šimon
|4 pht
|9 436397
|
| 830 |
|
0 |
|a Bratislava-Preßburg
|9 306818
|
| 919 |
|
|
|a 978-80-569-0389-6
|
| 958 |
|
|
|a OND
|
| 958 |
|
|
|a NB
|
| 999 |
|
|
|c 690146
|d 692076
|
| 952 |
|
|
|a SNK
|b SNK
|y PREZ
|7 0
|p 17A1417792
|o snkSC 188281
|i snk2020/6320
|8 0
|0 0
|1 0
|4 0
|d 2020-03-11
|f 1
|l 0
|r 2025-10-06 00:00:00
|w 2026-02-23
|
| 952 |
|
|
|a SNK
|b SNK
|y VYP
|7 0
|p 17A1417793
|o snkSC 188281 D1
|i snk2020/6321
|8 0
|0 0
|1 0
|4 0
|d 2020-03-11
|l 0
|r 2026-02-23 20:24:47
|w 2026-02-23
|